Egyptian magic /

محفوظ في:

المؤلف الرئيسي: Jacq, Christian.

التنسيق: كتاب

اللغة: English
French

منشور في: Warminster : Aris & Phillips, c1985.

الموضوعات:

الوسوم: إضافة وسم

لا توجد وسوم, كن أول من يضع وسما على هذه التسجيلة!

رقم الطلب: BF1591 .J3213 1985

LEADER 00885cam a2200289 a 4500
001 86135421
003 OSt
005 20250917071232.0
008 860321s1985 enka b 001 0 eng
010 |a 86135421 
020 |a 0856682993 
040 |c ARCE Library 
041 1 |a eng  |a fre 
043 |a f-ua--- 
050 4 |a BF1591 .J3213 1985 
100 1 |a Jacq, Christian. 
240 1 0 |a Monde magique de l'Egypte ancienne.  |l English. 
245 1 0 |a Egyptian magic /  |c Christian Jacq ; translated by Janet Davis. 
264 1 |a Warminster :   |b Aris & Phillips,   |c c1985. 
300 |a xiv, 162 p. :  |b ill. ;  |c 22 cm. 
500 |a Translation of: Monde magique de l'Egypte ancienne. 
504 |a Includes bibliographical references (p. 156-157) and index. 
650 0 |a Magic, Egyptian. 
650 0 |a Ancient Egyptian magic. 
901 |a reviewed 
942 |2 lcc  |c BK 
999 |c 58678  |d 58678